Historia del tiempo : (Registro nro. 12971)

Detalles MARC
000 -LIDER
fixed length control field 01016nam a22003017a 4500
003 - IDENTIFICACDOR DE NÚMERO DE CONTROL
control field DO-SdBNP
005 - DATE AND TIME OF LATEST TRANSACTION
control field 20221111102533.0
008 - ELEMENTOS DE LONGITUD FIJA
fixed length control field 171121b1988 sp| 00| 0 spa d
020 ## - ISBN
International Standard Book Number 8474233747
040 ## - FUENTE DE CATALOGACIÓN
Agencia que crea de manera original el registro BPMSU
Idioma de catalogación spa
Agencia que realiza la transcripción BPMSU
082 #4 - NÚMERO DE CLASIFICACIÓN DECIMAL DE DEWEY
Classification number 523.1
Item number H392h 1988
Edition number 22
100 1# - ASIENTO PRINCIPAL -- NOMBRE PERSONAL
Nombre personal Hawking, Stephen William,
Fechas asociadas con el nombre 1942-2018.
245 10 - MENCIÓN DE TITULO
Título Historia del tiempo :
Subtítulo del big bang a los agujeros negros /
Mención de responsabilidad Stephen W. Hawking ; introducción de Carl Sagan ; traducción castellana de Miguel Ortuño.
250 ## - MENCIÓN DE EDICION
Mención de edición 3a ed.
260 ## - PUBLICACIÓN, DISTRIBUCIÓN, ETC. (PIE DE IMPRENTA)
Lugar de publicación, distribución, etc Barcelona :
Nombre del editor, distribuidor, etc. Crítica,
Fecha de publicación, distribución, etc 1988.
300 ## - DESCRIPCIÓN FÍSICA
Extensión 245 p. :
Otros detalles físicos il. ;
Dimensiones 24 cm.
490 0# - MENCIÓN DE SERIES
Mención de serie Mayor
500 ## - NOTA GENERAL
Materiales especificados Incluye índice
534 ## - NOTA SOBRE LA VERSIÓN ORIGINAL
Asiento principal del original Título original :
Mención del título original Brief history of time. From the big bang to black holes
590 ## - NOTA LOCAL
Enlace Inventariado, 2022/VM
650 #4 - ENCABEZAMIENTO DE MATERIA--TEMÁTICO
Subdivisión temática general Historia.
Término temático o nombre geográfico como elemento de entrada cosmología
Fuente del encabezamiento o término
650 #4 - ENCABEZAMIENTO DE MATERIA--TEMÁTICO
Término temático o nombre geográfico como elemento de entrada Tiempo
Subdivisión temática general Historia.
700 12 - ASIENTO SECUNDARIO -- NOMBRE PERSONAL
Nombre personal Sagan, Carl,
Mención de responsabilidad introd.
700 12 - ASIENTO SECUNDARIO -- NOMBRE PERSONAL
Nombre personal Ortuño, Miguel,
Mención de responsabilidad tr.
830 #0 - ASIENTO SECUNDARIO DE SERIE--TÍTULO UNIFORME
Título uniforme Mayor
910 ## - VALIDACIÓN
Validación LOPEREZ/ VMateo V. /Validado
942 ## - ADDED ENTRY ELEMENTS (KOHA)
Source of classification or shelving scheme Dewey Decimal Classification
Koha item type Libros
Existencias
Withdrawn status Lost status Source of classification or shelving scheme Damaged status Not for loan Collection code Home library Current library Date acquired Source of acquisition Full call number Barcode Date last seen Price effective from Koha item type
    Dewey Decimal Classification     Colección General Biblioteca Pública Metropolitana Salomé Ureña Biblioteca Pública Metropolitana Salomé Ureña 11/21/2017 Donación BPMSU CG 523.1 H392h 1988 BPMSU7110283 11/21/2017 11/21/2017 Libros